Top Ten Foods Which Provide Vitamin A - Statistics

General Stats
  • This quiz has been taken 53 times
  • The average score is 4 of 10
Answer Stats
Hint Answer % Correct
Group that includes Popeye favorite Dark Leafy Greens
89%
Bugs Bunny favorite Carrots
81%
Also called yam Sweet potato
62%
Autumn favorite that stores well Winter Squash
55%
National fruit of India, Pakistan, and Philippines Mango
40%
A type of melon Cantaloupe
28%
Type of fish Tuna
26%
Caesar salad base Romaine Lettuce
19%
Turkey is largest producer Dried Apricots
6%
The green or hot ones contain much less Sweet Red Peppers
2%
No matching quizzes found
Score Distribution
Percent of People with Each Score
Percentile by Number Answered
Your Score History
You have not taken this quiz